000 00659nam a22001577a 4500
999 _c80390
_d80390
008 201130b ||||| |||| 00| 0 eng d
040 _bger
_cSTAFF
_erda
041 _ager
100 _aVogel, Julia:
245 _aEine Auto-Biografie:
_bSchon zu DDR-Zeiten galt Andreas Kunaths Leidenschaft den Autos... Kunaths ganzer Stolz: ein Moskwitsch von 1968/
_cJulia Vogel
773 _dFrankfurt (Oder): Märkisches Verlags- und Druckhaus GmbH & Co KG
_g31. Jahrgang (2020) Nr. 290 vom 12./13.12.2020, Journal am Wochenende/ Brandenburger Blätter, S. 5
_tMärkische Oderzeitung
942 _cA